000 01109nam a2200301 i 4500
001 22174
003 ES-MaACL
005 20251011063052.0
007 t|
008 001011s1992 sp ||||1| spa d
020 _a84-604-4962-9
080 _a811.134.2'36
100 1 _aNebrija, Antonio de,
_d1444-1522
_985269
245 1 0 _aGramática de la lengua castellana /
_cAntonio de Nebrija ; prólogo, Teresa D'Outreligne ; introducción y edición, Rafael Lozano ; con diez ilustraciones de Juan de Mena.
250 _aEd. facs.
260 _aMadrid :
_bEurohemmer,
_c1992.
300 _a[300] p., [10] h. de lám. col. ;
_c23 cm.
500 _aTexto original y transcripción tipográfica.
534 _pReprod. facs. de la ed. de:
_cSalamanca, 1492.
650 4 _aLengua española-
_xGramática-
_vObras anteriores a 1800.
_914163
655 7 _2tgfbne
_9226495
_aFacsímiles
700 1 _aD'Outreligne, Teresa.
_942385
700 1 _aLozano, Rafael.
_974426
700 1 _aSpínola, Mayte,
_d1943-
_9107747
852 4 _aES-MaACL
_jR-3052
_xOlim:
942 _2udc
999 _c22174
_d22174